000 00708cam a2200229 4500
001 9065
003 BD-RjUL
005 20211208234718.0
008 140120r19641963nyua 001 0 eng d
035 _a(BD-RjUL)9110
040 _aDLC
_cDLC
_dDLC
_dBD-RjUL
_beng
041 _aeng
082 0 0 _a541.22
_bCOC 1964
_223
100 1 _aCotton, F. Albert
_q(Frank Albert),
_d1930-2007.
_928143
245 1 0 _aChemical applications of group theory. /
_cby F. Albert Cotton
260 _aNew York :
_bInterscience Publishers,
_cc1963 [reprinted 1964].
300 _aix, 295 p. :
_bill. ;
_c24 cm.
504 _aIncludes index.
650 0 _aMolecular theory.
_910799
650 0 _aGroup theory.
_928144
942 _2ddc
_cBK
999 _c9065
_d9065